| 000 -LEADER |
| fixed length control field |
00531nam a22001937a 4500 |
| 008 - FIXED-LENGTH DATA ELEMENTS--GENERAL INFORMATION |
| fixed length control field |
151002b xxu||||| |||| 00| 0 eng d |
| 020 ## - INTERNATIONAL STANDARD BOOK NUMBER |
| International Standard Book Number |
0618214178 |
| 041 0# - LANGUAGE CODE |
| Language code of text/sound track or separate title |
eng |
| 080 ## - UNIVERSAL DECIMAL CLASSIFICATION NUMBER |
| Universal Decimal Classification number |
336 |
| 100 1# - Rafti |
| Rafti |
Garman, E. Thomas. |
| 245 10 - TITLE STATEMENT |
| Title |
Personal finance / |
| Statement of responsibility, etc |
E. Thomas Garman, Raymond E. Forgue. |
| 250 ## - |
| -- |
7th ed. |
| 260 ## - |
| -- |
Boston : |
| -- |
Houghton Mifflin, |
| -- |
2003. |
| 300 ## - |
| -- |
xxxii, 566, [38] f. : |
| -- |
me il.; |
| -- |
26 cm. |
| 650 #0 - |
| -- |
Financa Personale |
| 650 #0 - |
| -- |
Investimet |
| 700 1# - |
| -- |
Forgue, Raymond E. |
| 942 ## - ADDED ENTRY ELEMENTS (KOHA) |
| Source of classification or shelving scheme |
|
| Item type |
Books |